Membongkar rahsia di Pulau Impian
| Format: | Book |
|---|---|
| Published: |
Petaling Jaya :
Penerbit Pan Earth Sdn. Bhd. ,
1993
|
| Series: | Siri penemuan jalinan
|
| Subjects: |
MARC
| LEADER | 00000cam a2200000 7i4500 | ||
|---|---|---|---|
| 001 | 0000006883 | ||
| 002 | 000007415 | ||
| 005 | 20000330.0 | ||
| 020 | |a 967956973X | ||
| 090 | 0 | 0 | |a JF |b PEN |
| 245 | 1 | 0 | |a Membongkar rahsia di Pulau Impian |c Fuzaina |
| 260 | |a Petaling Jaya : |b Penerbit Pan Earth Sdn. Bhd. , |c 1993 | ||
| 300 | |a 70p. : |b ill. ; |c 18cm. | ||
| 490 | 0 | |a Siri penemuan jalinan | |
| 650 | 0 | 0 | |a Children's stories, Malay |
| 999 | |a 028676 |b BUKU |c PINJAMAN |e PERPUSTAKAAN KOMUNITI PETALING JAYA | ||